005590000a2200169000450024501300000065000170013065000100014765000230015765000240018065000200020465000250022465000130024965100240026204100140028610000200030077300690032010aNuevos registros de peces para la Orinoquia colombianasII. los Siluriformes, Atheriniformes, Perciformes y Pleuronectiformes14aIctiología14aPeces14aTaxonomía animal14aMorfología animal14aNuevas especies14aInventarios de peces14aLlanuras 4pOrinoquia, Colombia0 aEspañol1 aCala, Plutarcho1 tRevista Unellez de Ciencia y Tecnologíah1-2q100-108d1986g4